Statistics for The Immaculate Collection Songs

Click here to take the quiz!

General Stats

  • This quiz has been taken 16 times
  • The average score is 13 of 17

Answer Stats

Song% Correct
Like a Prayer
100%
Like a Virgin
100%
La Isla Bonita
89%
Papa Don't Preach
89%
Vogue
89%
Borderline
78%
Cherish
78%
Crazy for You
78%
Holiday
78%
Live to Tell
78%
Lucky Star
78%
Material Girl
78%
Into the Groove
67%
Justify My Love
67%
Open Your Heart
67%
Express Yourself
56%
Rescue Me
56%

Score Distribution

Percentile by Number Answered

Percent of People with Each Score

Your Score History

You have not taken this quiz